000 01438nam a22002777a 4500
001 1473
005 20231002134052.0
020 _a9789995054083
040 _aFISKH
_beng
_cFISKH
_dFISKH
082 _a635.8
100 _aDary, Heng
245 _aការបណ្ដុះផ្សិតអំបោះ /
250 _aបោះពុម្ពលើកទី ៦ ឆ្នាំ ២០២១​
260 _aPhnom Penh :
_bSipar,
_c2021.
300 _a52 pages :
_bcolor illustrations ;
_c29 cm
490 _aបំណិនជីវិត
505 _aZ'
520 _aបង្ហាញអំពីរបៀបសង់រោងបណ្ដុះផ្សិតអំបោះ រហូតដល់ការប្រមូលផល និងមានវិធីចម្អិនផ្សិតដើម្បីធ្វើម្ហូប សាមញ្ញៗសម្រាប់បរិភោគក្នុងគ្រួសារ។
520 _aIntroduce how to build a Pleurotus ostreatus house's until the harvest and how to cook Pleurotus ostreatus to make simple dishes for family consumption.
521 _a1120
_bLexile estimate
521 _aZ'
_bRaz-Plus
650 _aផ្សិតអំបោះ​
_vសង់រោង
_xប្រមូល
650 _aPleurotus ostreatus
_vBuild a house
_xHarvest
700 _aSophaleap, Nhoek
_cillustrator
942 _2ddc
_cBK
_n0
999 _c1473
_d1473